Bilder nach Buchstabe - Y - Statistiken

Allgemein
  • Dieses Quiz wurde 11.295 mal gespielt
  • Das Durchschnittsergebnis liegt bei 8 aus 16
Antwortstatistiken
Bildquiz Antwort % Korrekt
Yoga
99%
Yacht
95%
Yin / Yang
95%
Yeti
92%
Yak
85%
Yen
77%
York
38%
Yankee
34%
Yellowstone
34%
Yucatán
31%
Yosemite
22%
Yale
21%
Yucca
17%
Yukon
14%
Yangon
7%
Ypern
7%
Keine übereinstimmenden Quizze gefunden
Verteilung der Resultate
Anzahl Personen mit jedem Resultat
Perzentil nach korrekt beantworteten Fragen
Ihre Resultats-Entwicklung
Sie haben dieses Quiz noch nicht gespielt